<?xml version='1.0' encoding='UTF-8'?>
  <record xmlns="http://www.loc.gov/MARC21/slim">
    <leader>00000cam a22000007  4500</leader>
    <controlfield tag="001">ocm65311306</controlfield>
    <controlfield tag="003">OCoLC</controlfield>
    <controlfield tag="005">20250902142706.5</controlfield>
    <controlfield tag="008">900627s1651    ne            000 0 dut d</controlfield>
    <datafield tag="040" ind1=" " ind2=" ">
      <subfield code="a">NLGGC</subfield>
      <subfield code="b">dut</subfield>
      <subfield code="e">fobidrtb</subfield>
      <subfield code="c">NLGGC</subfield>
      <subfield code="d">GBVCP</subfield>
      <subfield code="d">OCLCQ</subfield>
    </datafield>
    <datafield tag="029" ind1="0" ind2=" ">
      <subfield code="a">NLGGC</subfield>
      <subfield code="b">063465639</subfield>
    </datafield>
    <datafield tag="035" ind1=" " ind2=" ">
      <subfield code="a">(OCoLC)65311306</subfield>
    </datafield>
    <datafield tag="245" ind1="0" ind2="0">
      <subfield code="a">Placaet vande Heeren Staten van den Lande van Utrecht jegens verscheyden abusen, inconvenientien ende quade feyten, daer by die huysluyden ende anderen onder pretext van beterschap, uyt moetwillicheydt ofte andersins, haren gront-heeren ofte andere personen in ofte aen haren landen, huysen, ghewas, haven, plantagien ende goederen beschadigen.</subfield>
    </datafield>
    <datafield tag="250" ind1=" " ind2=" ">
      <subfield code="a">Op nieus Gedruckt conform de resolutie vanden XVIIIen. Augusti 1640.</subfield>
    </datafield>
    <datafield tag="260" ind1=" " ind2=" ">
      <subfield code="a">Tot Utrecht :</subfield>
      <subfield code="b">Ghedruckt by Amelis van Paddenburgh,</subfield>
      <subfield code="c">1651.</subfield>
    </datafield>
    <datafield tag="300" ind1=" " ind2=" ">
      <subfield code="c">19 cm (4-o)</subfield>
    </datafield>
    <datafield tag="500" ind1=" " ind2=" ">
      <subfield code="a">De ampliatie hierop is afzonderlijk beschreven; zie: Ampliatie ende naerder verclaringhe vanden placate vanden XXen. Aprilis 1592.</subfield>
    </datafield>
    <datafield tag="505" ind1="0" ind2="0">
      <subfield code="t">Plakkaat vande inconvenientien beschadigen.</subfield>
    </datafield>
    <datafield tag="936" ind1=" " ind2=" ">
      <subfield code="a">BATCHLOAD</subfield>
    </datafield>
  </record>